000 00624cab a2200193 4500
001 WB2436-27
008 090401t1988 xxu||||| |||| 00| 0 eng d
035 _a(Sirsi) u17994
041 _aeng
245 _aHousing finance to be restructured
260 _c1988
350 _a0
490 _aIndependent
_v7/9/88 p3
520 _aHighlights the findings of a report from the Association of Metropolitan Authorities . The report voices concern over government plans to reform council housing finance .
650 _aHOUSING AND LOCAL GOVERNMENT BILL
690 _aHOUSING-FINANCE
942 _n0
948 _c04/03/1997
999 _c11932
_d11932